| 000 | 00773nam a22002417a 4500 | ||
|---|---|---|---|
| 999 |
_c13017 _d13017 |
||
| 003 | AR-CdUCM | ||
| 008 | 190411b ||||| |||| 00| 0 spa d | ||
| 040 |
_aMUNICIPALIDAD PROVINCIAL DEL CUSCO _cBIBLIOTECA MUNICIPAL DEL CUSCO |
||
| 082 |
_a869.508 / _bC562 / 1974 |
||
| 100 |
_aChocano, José Santos _911262 |
||
| 245 | _aAntología / | ||
| 260 |
_aLima : _bEdiciones PEISA, _c1974. |
||
| 300 |
_a153 páginas ; _c17 cm. |
||
| 440 |
_aBiblioteca Peruana. _911247 |
||
| 505 | _aContenido: Poesía. | ||
| 650 |
_aLiteratura Peruana _9132 |
||
| 650 |
_aSiglo XX _98 |
||
| 650 |
_aPoesía _9139 |
||
| 700 |
_aBelli, Carlos Germán (prólogo) _931179 |
||
| 710 |
_aGobierno Revolucionario del Perú (auspicio) _931040 |
||
| 942 |
_2ddc _cLIBROS |
||
| 945 |
_aachl _d2019-04-11 |
||